000 01024nas a2200253 454500
001 46126
005 20260407193511.0
008 260407s2017####ag###########|||spa#d
003 AR-UNSa-BCEJYS
040 _aAR-UNSa-BCEJYS
_bspa
_cAR-UNSa-BCEJYS
080 _a304.4(82)
_xAspectos generales de las políticas y prácticas sociales y culturales en Argentina (política social)
245 1 0 _aCiudadanías
_prevista de políticas sociales urbanas
022 _a2545-7969
264 1 _aBuenos Aires :
_bEDUNTREF (Editorial de la Universidad Nacional de Tres de Febrero)
_c2017
310 _aFrecuencia: Semestral
041 _aspa
942 _cSER
590 _aniveau_biblio:s niveau_hierar:1
100 1 _aUniversidad Nacional de Tres de Febrero. Centro de Investigaciones en Políticas Sociales Urbanas (CEIPSU)
650 _aDesarrollo humano
650 _aPoblación urbana
650 _aPOLÍTICAS SOCIALES
856 4 1 _uhttps://www.biblioeco.unsa.edu.ar/pmb/images/revistas/R21847.jpg
_yImagen de portada
_qimage/jpeg
999 _c8950
_d8950